000 00711nam a2200205Ia 4500
003 GCL
008 140319s9999 xx 000 0 ara d
040 _aGCL /
_cGCL
082 0 4 _a346.04
_bم م
100 1 _aمحمد المنجى
245 1 0 _aالمرافق المشتركة فى العقار: دراسة تاصلية لمنازعات الاسكان العملية /
_cمحمد المنجى
260 _a[S.N] :
_bمنشاة المعارف الاسلامية ،
_c1988
300 _a414 ص
490 _aالكتب القانونية
_v0
650 0 4 _aالقانون
650 0 4 _aقوانين وتشريعات
650 0 4 _aالقانون الخاص
650 0 4 _aالاسكان
942 _2ddc
_cBK
999 _c45196
_d45196